[Event "Vellmar Int 4th op  A"]
[Site "Vellmar"]
[Date "2012.07.26"]
[Round "1.1"]
[White "Schneider, Ilja"]
[Black "Ziegenfuss, Holger"]
[Result "1-0"]
[WhiteElo "2490"]
[BlackElo "2021"]
[PlyCount "47"]
[EventDate "2012.07.26"]
[EventType "swiss"]
[EventRounds "7"]
[EventCountry "GER"]

{DWZ: 2469(IM) - 1942} 1. d4 Nf6 2. c4 e6 3. g3 Bb4+ 4. Bd2 Qe7 5. Bg2 Nc6 6.
e3 O-O 7. Ne2 Bxd2+ 8. Qxd2 d6 9. Nbc3 e5 10. O-O Re8 11. Rae1 Bg4 12. Nd5 Nxd5
13. cxd5 Bxe2 14. Rxe2 Nd8 15. dxe5 dxe5 16. Rc1 Qd6 17. Qa5 c6 18. Rd2 e4 19.
dxc6 Nxc6 20. Rxd6 Nxa5 21. Rc7 Re5 22. b4 Nc6 23. Rxb7 Rc8 24. Rxc6 1-0

[Event "Vellmar Int 4th op  A"]
[Site "Vellmar"]
[Date "2012.07.26"]
[Round "1.2"]
[White "Knoth, Eugen"]
[Black "Markgraf, Alexander"]
[Result "0-1"]
[WhiteElo "2019"]
[BlackElo "2489"]
[PlyCount "142"]
[EventDate "2012.07.26"]
[EventType "swiss"]
[EventRounds "7"]
[EventCountry "GER"]

{DWZ: 1854 - 2470(IM)} 1. b3 e5 2. Bb2 Nc6 3. e3 g6 4. Bb5 Bg7 5. f4 Nge7 6.
Nf3 d6 7. O-O O-O 8. fxe5 dxe5 9. e4 a6 10. Be2 h6 11. d3 Be6 12. Nbd2 b5 13.
a4 Qd7 14. Kh1 Rfe8 15. Bc3 Rab8 16. axb5 axb5 17. Qe1 Qd6 18. Qf2 Red8 19.
Rfd1 Nb4 20. Ne1 c5 21. Bxb4 cxb4 22. Ndf3 Nc6 23. Ra6 Qc7 24. Rda1 Bf8 25. Qg3
Bc8 26. R6a2 Bb7 27. h4 h5 28. Ng5 Bg7 29. Nef3 Qd7 30. Qh3 Qxh3+ 31. Nxh3 Bh6
32. Bd1 Be3 33. Nhg1 f6 34. Ne2 Kf7 35. Ng3 Ke6 36. Nf1 Bb6 37. Be2 Rbc8 38.
N1d2 Rg8 39. Rf1 Be3 40. Nb1 Ra8 41. Rxa8 Rxa8 42. Nbd2 Ra2 43. Bd1 Ke7 44. Kh2
Bf4+ 45. g3 Bxd2 46. Nxd2 Nd4 47. Nf3 Nxb3 48. Kg1 Nc5 49. Ne1 Bc8 50. Rf2 Ra1
51. Rd2 Ra2 52. Rf2 Be6 53. Kg2 Na4 54. Be2 Ra1 55. Nf3 Rc1 56. d4 Rxc2 57.
dxe5 fxe5 58. Nxe5 Nc3 59. Nxg6+ Kd6 60. e5+ Kc5 61. Nf4 Nxe2 62. Nxe6+ Kd5 63.
Nc7+ Kxe5 64. Nxb5 b3 65. Na3 Ra2 66. Nb1 Ke4 67. Kf1 Nxg3+ 68. Ke1 Ke3 69. Rf8
Ra1 70. Re8+ Ne4 71. Kd1 Rxb1# 0-1

[Event "Vellmar Int 4th op  A"]
[Site "Vellmar"]
[Date "2012.07.26"]
[Round "1.3"]
[White "Gutman, Lev"]
[Black "Cotenescu, Daniel"]
[Result "1-0"]
[WhiteElo "2450"]
[BlackElo "2017"]
[PlyCount "65"]
[EventDate "2012.07.26"]
[EventType "swiss"]
[EventRounds "7"]
[EventCountry "GER"]

{DWZ: 2435(GM;geb.1945) - 1829(geb.1940)} 1. Nf3 Nf6 2. g3 b6 3. Bg2 Bb7 4. O-O
e6 5. c4 Be7 6. b3 O-O 7. Bb2 d6 8. e3 Nbd7 9. Qe2 e5 10. d4 e4 11. Nfd2 Re8
12. Nc3 Bf8 13. d5 Nc5 14. Rab1 a5 15. Nb5 Rc8 16. a3 c6 17. dxc6 Rxc6 18. b4
axb4 19. axb4 Nd3 20. Bxf6 Qxf6 21. Nxe4 Rxe4 22. Bxe4 Ne5 23. Bxc6 Bxc6 24. f4
Ng6 25. e4 Qe7 26. Nc3 Qb7 27. b5 Bd7 28. Nd5 f5 29. Ra1 fxe4 30. Qxe4 Kh8 31.
Qd4 Be6 32. f5 Bxd5 33. fxg6 1-0

[Event "Vellmar Int 4th op  A"]
[Site "Vellmar"]
[Date "2012.07.26"]
[Round "1.4"]
[White "Krausse, Eckhard"]
[Black "Schulz, Karsten"]
[Result "1/2-1/2"]
[WhiteElo "2008"]
[BlackElo "2342"]
[PlyCount "132"]
[EventDate "2012.07.26"]
[EventType "swiss"]
[EventRounds "7"]
[EventCountry "GER"]

{DWZ: 1961 - 2292(FM)} 1. e4 d6 2. d4 Nf6 3. Nc3 g6 4. Be3 Bg7 5. f3 O-O 6. Qd2
e5 7. dxe5 dxe5 8. O-O-O Qxd2+ 9. Rxd2 Nc6 10. Bc4 a6 11. Nge2 Re8 12. Rhd1 Be6
13. Bxe6 Rxe6 14. Nd5 Rc8 15. Nxf6+ Bxf6 16. Nc3 Ree8 17. Rd7 Red8 18. Nd5 Kg7
19. Rxc7 Rxc7 {(=)} 20. Nxc7 Rc8 21. Rd7 Nb8 22. Ne6+ Kg8 23. Rc7 Rxc7 24. Nxc7
Nc6 25. c4 Bd8 26. Nd5 f5 27. b4 Kf7 28. Kc2 Ke6 29. Kc3 h5 30. b5 Ba5+ 31. Kd3
Nb8 32. a4 Bd8 33. c5 axb5 34. axb5 Ba5 35. Bg5 Be1 36. Ne7 Bf2 37. c6 bxc6 38.
bxc6 Na6 39. Kc4 fxe4 40. fxe4 Kd6 41. Nxg6 Kxc6 42. Nxe5+ Kd6 43. Nd3 Bg1 44.
Bf4+ Kd7 45. Kd5 Bb6 46. Ne5+ Ke7 47. Nc6+ Ke8 48. Bd6 Nc7+ 49. Bxc7 Bxc7 50.
e5 Kf7 51. Nd4 Bb6 52. e6+ Kf6 53. Nf3 Ke7 54. h3 Bf2 55. Ne5 Bg3 56. Nc6+ Kf6
57. Nd4 Bf4 58. g3 Bxg3 59. e7 Kf7 60. Nf5 Bh2 61. Ke4 Bg1 62. Ng7 Kxe7 63.
Nxh5 Kf7 64. Kf5 Bf2 65. Kg4 Be1 66. Ng3 Bxg3 1/2-1/2

[Event "Vellmar Int 4th op  A"]
[Site "Vellmar"]
[Date "2012.07.26"]
[Round "1.5"]
[White "Plueg, Andreas"]
[Black "Kaplunov, Vadym"]
[Result "1-0"]
[WhiteElo "2303"]
[BlackElo "1985"]
[PlyCount "117"]
[EventDate "2012.07.26"]
[EventType "swiss"]
[EventRounds "7"]
[EventCountry "GER"]

{DWZ: 2292(FM) - 1936(geb.1936)} 1. d4 d5 2. Nf3 Nf6 3. Bf4 c6 4. c3 Qb6 5. Qb3
Nbd7 6. h3 g6 7. Nbd2 Bg7 8. e3 O-O 9. Bd3 Re8 10. O-O Nh5 11. Bh2 Qxb3 12.
Nxb3 f5 13. c4 e6 14. Rfc1 Nhf6 15. Rc2 Ne4 16. a4 a6 17. Ne5 Nef6 18. c5 Nxe5
19. Bxe5 Nd7 20. Bxg7 Kxg7 21. f4 h6 22. Na5 Nf6 23. Ra3 Re7 24. Kh2 Rc7 25.
Rb3 Kf7 26. Kg3 Kg7 27. Kh4 Nh7 28. g4 Kf6 29. Kg3 Kg7 30. Kf3 Kf7 31. Rg2 Nf6
32. Kf2 Ra7 33. Be2 Ra8 34. h4 Nh7 35. Bf3 Rb8 36. Rb4 Ra8 37. Rb3 Rb8 38. Rb6
Ra8 39. Nb3 Bd7 40. Nc1 Rg8 41. Nd3 Be8 42. Ne5+ Kf8 43. b4 Nf6 44. b5 axb5 45.
axb5 Rgg7 46. g5 hxg5 47. fxg5 Nd7 48. Nxd7+ Bxd7 49. Kg3 cxb5 50. Kf4 Bc6 51.
Be2 Rh7 52. Rh2 Rce7 53. Bxb5 Rc7 54. Ke5 Ke7 55. Bxc6 bxc6 56. Rb8 Ra7 57. h5
Kf7 58. h6 Ra3 59. Rhb2 1-0

[Event "Vellmar Int 4th op  A"]
[Site "Vellmar"]
[Date "2012.07.26"]
[Round "1.6"]
[White "Van Dyck, Marc"]
[Black "Laubsch, Bernd"]
[Result "0-1"]
[WhiteElo "1983"]
[BlackElo "2302"]
[PlyCount "84"]
[EventDate "2012.07.26"]
[EventType "swiss"]
[EventRounds "7"]
[EventCountry "GER"]

{DWZ: -(BEL) - 2261(FM)} 1. e4 c5 2. d4 cxd4 3. c3 Nf6 4. e5 Nd5 5. cxd4 e6 6.
a3 b6 7. Nf3 Bb7 8. Bg5 Qc7 9. Nbd2 h6 10. Bh4 Nc6 11. Bg3 a6 12. Bd3 b5 13.
Be4 Qb6 14. Bxd5 exd5 15. Nb3 b4 16. O-O a5 17. Re1 Ba6 18. axb4 Bxb4 19. Re3
Ne7 20. e6 dxe6 21. Nc5 Nf5 22. Nxa6 Rxa6 23. Ne5 O-O 24. Rd3 Ra7 25. Bf4 Bd6
26. Rb3 Qxd4 27. Nc6 Qxd1+ 28. Rxd1 Raa8 29. Bxd6 Nxd6 30. Nb8 Ra7 31. Nc6 Rb7
32. Ra3 Rxb2 33. Rxa5 g6 34. Ra7 Kg7 35. Rd7 Ne4 36. f3 Nf6 37. Ra7 Nh5 38. g3
g5 39. Re1 Kg8 40. Ne7+ Kh8 41. Rc7 Ra8 42. Rec1 Raa2 0-1

[Event "Vellmar Int 4th op  A"]
[Site "Vellmar"]
[Date "2012.07.26"]
[Round "1.7"]
[White "Cherny, Andrey"]
[Black "Stuckenschneider, Martin"]
[Result "0-1"]
[WhiteElo "2253"]
[BlackElo "1965"]
[PlyCount "76"]
[EventDate "2012.07.26"]
[EventType "swiss"]
[EventRounds "7"]
[EventCountry "GER"]

{DWZ: 2220 - 1761} 1. d4 Nf6 2. Nf3 g6 3. g3 Bg7 4. Bg2 O-O 5. O-O d5 6. Nbd2
Nbd7 7. c4 dxc4 8. Nxc4 c5 9. Qc2 cxd4 10. Rd1 Nb6 11. Nxd4 Nxc4 12. Ne6 Bxe6
13. Rxd8 Rfxd8 14. Bxb7 Rab8 15. Ba6 Ne5 16. f4 Bf5 17. Qa4 Ned7 18. Be3 Nb6
19. Qa5 Nfd5 20. Bc5 Bxb2 21. Rd1 Bc2 22. Rf1 Na4 23. Bd3 Bc3 24. Qxa7 Ra8 25.
Qb7 Nxc5 26. Qb5 Bd4+ 27. Kh1 Ba4 28. Qb1 Nc3 29. Qb6 Nxd3 30. Qb7 Nxe2 31. Qe4
Nf2+ 32. Rxf2 Bxf2 33. Kg2 Nc3 34. Qxe7 Bc6+ 35. Kh3 Rd5 36. Kg4 Rh5 37. Qf6
Bg2 38. h4 Ne4 0-1

[Event "Vellmar Int 4th op  A"]
[Site "Vellmar"]
[Date "2012.07.26"]
[Round "1.8"]
[White "Fichte, Wolfgang"]
[Black "Meyner, Hannes"]
[Result "0-1"]
[WhiteElo "1958"]
[BlackElo "2217"]
[PlyCount "120"]
[EventDate "2012.07.26"]
[EventType "swiss"]
[EventRounds "7"]
[EventCountry "GER"]

{DWZ: 1828(geb.1951) - 2098} 1. b4 c6 2. e3 Qb6 3. a3 a5 4. bxa5 Qxa5 5. Nf3 e5
6. Bb2 d6 7. Be2 Nf6 8. O-O Be7 9. c4 O-O 10. Bc3 Qc7 11. Qc2 Bg4 12. d3 Nbd7
13. Nbd2 d5 14. Bb2 Bd6 15. cxd5 cxd5 16. Qxc7 Bxc7 17. h3 Bf5 18. g4 Bg6 19.
Nh4 Ra4 20. Nxg6 hxg6 21. d4 Ra7 22. Bb5 Rd8 23. Rfc1 b6 24. Bc6 exd4 25. Bxd4
Be5 26. Nf3 Bxd4 27. Nxd4 Ne5 28. Bb5 Rda8 29. g5 Nh7 30. f4 Nc4 31. Bxc4 dxc4
32. Rxc4 Nf8 33. Nb5 Ra5 34. a4 Rxb5 35. Rac1 Rba5 36. Rb1 Nd7 37. Rc7 R5a7 38.
Rbc1 Nc5 39. Rc6 Nxa4 40. Kf2 Kf8 41. Kf3 Rb7 42. h4 Nc5 43. Rb1 Nd7 44. Ke4
Ke7 45. Rb4 Ra5 46. Rc8 Nc5+ 47. Kf3 Kd7 48. Rg8 Ne6 49. e4 Rc5 50. Ra8 b5 51.
Ra5 Rc4 52. Rb2 b4 53. f5 Nc5 54. Rd2+ Ke7 55. Rd5 b3 56. Re5+ Kd6 57. Rd5+ Kc6
58. Ra1 b2 59. Rb1 Rc1 60. Rxb2 Rxb2 0-1

[Event "Vellmar Int 4th op  A"]
[Site "Vellmar"]
[Date "2012.07.26"]
[Round "1.9"]
[White "Baciu, Diana"]
[Black "Wegelin, Reinhard"]
[Result "1-0"]
[WhiteElo "2211"]
[BlackElo "1958"]
[PlyCount "39"]
[EventDate "2012.07.26"]
[EventType "swiss"]
[EventRounds "7"]
[EventCountry "GER"]

{DWZ:  - (WFM;MDA;geb.1994) - 1981(SUI)} 1. e4 d5 2. exd5 Nf6 3. d4 Bg4 4. Nf3
Nxd5 5. Be2 e6 6. O-O Bd6 7. h3 Bf5 8. c4 Nf6 9. Qb3 b6 10. Nc3 O-O 11. Nb5 Nc6
12. Nxd6 Qxd6 13. Be3 e5 14. dxe5 Nxe5 15. Rad1 Qe7 16. Rfe1 Rad8 17. Bd4 Nc6
18. Bd3 Nxd4 19. Nxd4 Be6 20. Nc6 1-0

[Event "Vellmar Int 4th op  A"]
[Site "Vellmar"]
[Date "2012.07.26"]
[Round "1.10"]
[White "Braun, Ingram"]
[Black "Hoffmann, Lukas"]
[Result "0-1"]
[WhiteElo "1957"]
[BlackElo "2173"]
[PlyCount "58"]
[EventDate "2012.07.26"]
[EventType "swiss"]
[EventRounds "7"]
[EventCountry "GER"]

{DWZ: 1956 - 2181} 1. e4 d6 2. d4 Nf6 3. Nc3 e5 4. dxe5 dxe5 5. Qxd8+ Kxd8 6.
Nf3 Bd6 7. Bc4 Be6 8. Bxe6 fxe6 9. O-O Ke7 10. b3 Nc6 11. Bb2 a6 12. Rfd1 Rag8
13. Kf1 g5 14. Nd2 g4 15. a3 Rf8 16. Ne2 Rf7 17. Ke1 Rhf8 18. f3 gxf3 19. gxf3
Nh5 20. c4 a5 21. Bc3 Rg8 22. Rdb1 Bc5 23. b4 axb4 24. axb4 Be3 25. Nf1 Rxf3
26. Nxe3 Rxe3 27. Kd2 Rxe4 28. Kd3 Nf6 29. b5 Rd8+ 0-1

[Event "Vellmar Int 4th op  A"]
[Site "Vellmar"]
[Date "2012.07.26"]
[Round "1.11"]
[White "Aslan, Benjamin"]
[Black "Mueller, Joachim"]
[Result "1-0"]
[WhiteElo "2156"]
[BlackElo "1956"]
[PlyCount "47"]
[EventDate "2012.07.26"]
[EventType "swiss"]
[EventRounds "7"]
[EventCountry "GER"]

{DWZ: 2238 - 1674} 1. d4 Nf6 2. Nf3 g6 3. c4 Bg7 4. Nc3 d6 5. e4 Bg4 6. Be2 O-O
7. O-O Nbd7 8. Be3 Bxf3 9. Bxf3 e5 10. d5 Ne8 11. Be2 f5 12. f3 Nef6 13. b4 a5
14. a3 Qe7 15. Qc2 f4 16. Bf2 g5 17. Nb5 Rfc8 18. c5 Ne8 19. Na7 Rxa7 20. cxd6
Nxd6 21. Bxa7 b6 22. Ba6 Rd8 23. Qxc7 Ne8 24. Qc6 1-0

[Event "Vellmar Int 4th op  A"]
[Site "Vellmar"]
[Date "2012.07.26"]
[Round "1.12"]
[White "Lenz, Jonas"]
[Black "Berthold, Andreas"]
[Result "1-0"]
[WhiteElo "1952"]
[BlackElo "2150"]
[PlyCount "65"]
[EventDate "2012.07.26"]
[EventType "swiss"]
[EventRounds "7"]
[EventCountry "GER"]

{DWZ: 1825(geb.1995) - 2085} 1. e4 c5 2. Nf3 e6 3. d4 cxd4 4. Nxd4 a6 5. Bd3
Nf6 6. O-O d5 7. e5 Nfd7 8. Nxe6 Qb6 9. Nxf8 Nxf8 10. Nc3 Be6 11. Be3 Qc7 12.
f4 Nc6 13. Ne2 O-O-O 14. c3 Na5 15. Nd4 Nc4 16. Bc1 Qa5 17. Qe2 Qc5 18. b3 Nb6
19. Be3 Qc7 20. Bxa6 Kb8 21. Bd3 Bd7 22. Rfc1 g5 23. fxg5 Ng6 24. Nf3 Bg4 25.
Qf2 Nc8 26. c4 Bxf3 27. cxd5 Qe7 28. Bxg6 Bxd5 29. Bf5 Rdg8 30. Qf4 Be6 31.
Bxe6 fxe6 32. Qa4 Rd8 33. Rxc8+ 1-0

[Event "Vellmar Int 4th op  A"]
[Site "Vellmar"]
[Date "2012.07.26"]
[Round "1.13"]
[White "Roehl, Rainer"]
[Black "Kanter, Leonid"]
[Result "1-0"]
[WhiteElo "2148"]
[BlackElo "1949"]
[PlyCount "61"]
[EventDate "2012.07.26"]
[EventType "swiss"]
[EventRounds "7"]
[EventCountry "GER"]

{DWZ: 2090 - 1857} 1. d4 e6 2. Nf3 d5 3. e3 Nf6 4. Bd3 Be7 5. Nbd2 Nbd7 6. O-O
O-O 7. b3 b6 8. Ne5 Bb7 9. Qf3 Bb4 10. Nxd7 Qxd7 11. Qh3 Bc3 12. Rb1 Bc8 13. f4
Bxd2 14. Bxd2 Ne4 15. Bb4 Re8 16. Bxe4 dxe4 17. c4 a5 18. Bc3 Qe7 19. g4 f5 20.
gxf5 exf5 21. Rf2 g6 22. d5 h5 23. Rg2 Kh7 24. Rg5 Qf7 25. Kh1 Rg8 26. Rbg1 Kh6
27. Be5 Ra7 28. Qxh5+ gxh5 29. Rxg8 Qxg8 30. Rxg8 Ba6 31. Rg7 1-0

[Event "Vellmar Int 4th op  A"]
[Site "Vellmar"]
[Date "2012.07.26"]
[Round "1.14"]
[White "Schuhmacher, Jakob"]
[Black "Hahn, Markus"]
[Result "1/2-1/2"]
[WhiteElo "1945"]
[BlackElo "2146"]
[PlyCount "164"]
[EventDate "2012.07.26"]
[EventType "swiss"]
[EventRounds "7"]
[EventCountry "GER"]

{DWZ: 1984(geb.1997) - 2109(geb.1994)} 1. d4 e6 2. c4 Bb4+ 3. Bd2 Qe7 4. e4 d5
5. Bd3 dxe4 6. Bxe4 Bxd2+ 7. Qxd2 Nf6 8. Bc2 O-O 9. Nf3 b6 10. Nc3 Ba6 11. b3
Bb7 12. Ne5 Rd8 13. Qe3 Nbd7 14. O-O c5 15. Nxd7 cxd4 16. Nxf6+ Qxf6 17. Ne4
dxe3 18. Nxf6+ gxf6 19. fxe3 Rd2 20. Rf2 Rad8 21. Raf1 f5 22. Rxd2 Rxd2 23. Rf2
Rd8 24. g3 Kf8 25. Kf1 Ke7 26. Ke1 Bc6 27. Rd2 {(=)} Rh8 28. Rd4 h6 29. Kf2 Kf6
30. Bd1 Rc8 31. Bf3 Be8 32. Ke1 b5 33. Be2 bxc4 34. Bxc4 Bc6 35. Ba6 Rb8 36.
Rc4 Rb6 37. Bc8 Ke7 38. a4 Bd5 39. Rc3 Rxb3 40. Rxb3 Bxb3 41. a5 Bc4 42. Kd2
Kd6 43. Kc3 Kc5 44. Bd7 Bd5 45. Be8 f6 46. Bd7 Ba2 47. Kb2 Bc4 48. Kc3 Bd5 49.
Ba4 Bc6 50. Bb3 Bd5 51. Ba4 Bc6 52. Bb3 Bd7 53. Bc4 Bc8 54. Be2 Bb7 55. Bc4 Bd5
56. Be2 e5 57. Bd3 Be6 58. Be2 Bc8 59. Bd3 Bd7 60. Bc4 Bc8 61. Bd3 Be6 62. Be2
Bd5 63. Bd3 Be4 64. Be2 Bb7 65. Bc4 Bc6 66. Bd3 e4 67. Bc4 Bd7 68. Be2 Bb5 69.
Bd1 Bc4 70. Ba4 Be6 71. Be8 Bc8 72. Ba4 Bb7 73. Bd7 Ba8 74. Ba4 Bc6 75. Bxc6
Kxc6 76. Kb4 a6 77. Kc4 h5 78. h4 Kd6 79. Kd4 Kc6 80. Kc4 f4 81. gxf4 f5 82.
Kd4 Kd6 1/2-1/2

[Event "Vellmar Int 4th op  A"]
[Site "Vellmar"]
[Date "2012.07.26"]
[Round "1.15"]
[White "Rieke, Theo"]
[Black "Lechnauer, Uwe"]
[Result "1-0"]
[WhiteElo "2140"]
[BlackElo "1939"]
[PlyCount "91"]
[EventDate "2012.07.26"]
[EventType "swiss"]
[EventRounds "7"]
[EventCountry "GER"]

{DWZ: 2042 - 1839} 1. Nf3 d5 2. g3 Nc6 3. d4 Nf6 4. Bg2 Bf5 5. O-O e6 6. c4 Ne7
7. Qb3 Rb8 8. Qa4+ Nc6 9. Ne5 Be7 10. Nxc6 bxc6 11. Qxc6+ Qd7 12. Qxd7+ Kxd7
13. cxd5 exd5 14. Nc3 c6 15. b3 h5 16. Bf4 Rb4 17. Rfd1 h4 18. Bg5 hxg3 19.
hxg3 Rh5 20. Bxf6 Bxf6 21. e3 Rb8 22. f3 Rh6 23. Na4 Bg5 24. Kf2 Rh2 25. Nc5+
Ke7 26. g4 Bd7 27. Kg3 Rh7 28. Rh1 Rbh8 29. Rxh7 Rxh7 30. f4 Bh4+ 31. Kf3 g5
32. f5 f6 33. Bf1 Kd6 34. b4 Rh8 35. a4 Rb8 36. Rb1 Rb6 37. Bd3 Be8 38. a5 Rb8
39. Na4 Bd7 40. Nc3 Be8 41. b5 c5 42. dxc5+ Kxc5 43. Bf1 Kd6 44. Rd1 Kc5 45.
Rxd5+ Kb4 46. Ne4 1-0

[Event "Vellmar Int 4th op  A"]
[Site "Vellmar"]
[Date "2012.07.26"]
[Round "1.16"]
[White "Wuestehube, Harry"]
[Black "Richter, Gerald"]
[Result "0-1"]
[WhiteElo "1934"]
[BlackElo "2137"]
[PlyCount "78"]
[EventDate "2012.07.26"]
[EventType "swiss"]
[EventRounds "7"]
[EventCountry "GER"]

{DWZ: 1883 - 2130(BEL;geb.1952)} 1. e4 c5 2. Nc3 a6 3. f4 Nc6 4. Nf3 e6 5. d3
Nge7 6. g3 d5 7. Bg2 g6 8. O-O Bg7 9. e5 O-O 10. Ne2 f6 11. exf6 Bxf6 12. c3 d4
13. c4 Nf5 14. Ng5 Ne3 15. Bxe3 dxe3 16. Nc3 Bd4 17. Qe2 e5 18. Kh1 exf4 19.
gxf4 h6 20. Bd5+ Kg7 21. Ne6+ Bxe6 22. Bxe6 Qh4 23. Nd5 Rae8 24. f5 gxf5 25.
Rxf5 Rxf5 26. Bxf5 Kh8 27. Rg1 Qf2 28. Qh5 Qxg1+ 29. Kxg1 e2+ 30. Kg2 e1=Q 31.
Qxh6+ Kg8 32. Qg6+ Kf8 33. Qh6+ Bg7 34. Qd6+ Kg8 35. Nf4 Qe5 36. Be6+ Kh7 37.
Qd7 Re7 38. Bf5+ Kh6 39. Ng6 Qe2+ 0-1

[Event "Vellmar Int 4th op  A"]
[Site "Vellmar"]
[Date "2012.07.26"]
[Round "1.17"]
[White "Rother, Moritz"]
[Black "Heckmann, Torsten"]
[Result "1-0"]
[WhiteElo "2126"]
[BlackElo "1929"]
[PlyCount "37"]
[EventDate "2012.07.26"]
[EventType "swiss"]
[EventRounds "7"]
[EventCountry "GER"]

{DWZ: 2015 - 1702} 1. e4 d5 2. Nc3 d4 3. Nce2 e5 4. Ng3 Be6 5. Nf3 Nd7 6. c3 c5
7. Bb5 Bd6 8. d3 h6 9. O-O Ne7 10. Nxe5 Bxe5 11. f4 Bb8 12. f5 Bxf5 13. exf5
Nc6 14. Qg4 Bxg3 15. Qxg3 Qf6 16. Re1+ Kf8 17. Qc7 Nde5 18. Bf4 Re8 19. Bxe5
1-0

[Event "Vellmar Int 4th op  A"]
[Site "Vellmar"]
[Date "2012.07.26"]
[Round "1.18"]
[White "Stabernack, Joschi"]
[Black "Hansen, Victor"]
[Result "1-0"]
[WhiteElo "1928"]
[BlackElo "2112"]
[PlyCount "41"]
[EventDate "2012.07.26"]
[EventType "swiss"]
[EventRounds "7"]
[EventCountry "GER"]

{DWZ: 1859(geb.1995) - 2099(NOR)} 1. e4 c6 2. d4 d5 3. exd5 cxd5 4. c4 Nf6 5.
Nc3 e6 6. Nf3 Bb4 7. a3 Bxc3+ 8. bxc3 O-O 9. cxd5 exd5 10. Be2 Nc6 11. O-O Na5
12. Bg5 Be6 13. Ne5 Rc8 14. Rc1 h6 15. Bh4 g5 16. Bg3 Ne4 17. Bd3 f6 18. Qh5
Qe8 19. Qxh6 fxe5 20. Bxe5 Qd7 21. Qg6+ 1-0

[Event "Vellmar Int 4th op  A"]
[Site "Vellmar"]
[Date "2012.07.26"]
[Round "1.19"]
[White "Halt, David"]
[Black "Blank, Stefan"]
[Result "0-1"]
[WhiteElo "2109"]
[BlackElo "1903"]
[PlyCount "82"]
[EventDate "2012.07.26"]
[EventType "swiss"]
[EventRounds "7"]
[EventCountry "GER"]

{DWZ: 2086 - 1762} 1. e4 c5 2. Nc3 Nc6 3. g3 d6 4. Bg2 Nf6 5. f4 g6 6. Nf3 Bg7
7. O-O O-O 8. h3 Nh5 9. Kh2 e5 10. d3 exf4 11. gxf4 f5 12. Ne2 Qe7 13. Nfg1 Bh6
14. Ng3 Nxg3 15. Kxg3 Nd4 16. Ne2 Ne6 17. Kh2 Ng7 18. Ng3 Qh4 19. Qe1 Rb8 20.
Bd2 Bd7 21. Nxf5 Nxf5 22. exf5 Qxe1 23. Raxe1 Rxf5 24. Be4 Rh5 25. Rf3 d5 26.
Bxg6 hxg6 27. Re7 Bc6 28. Rg3 Be8 29. Kg2 d4 30. c3 Bf8 31. Re1 Kf7 32. Rg5
Bc6+ 33. Kg3 Rxg5+ 34. fxg5 Bd6+ 35. Bf4 Bxf4+ 36. Kxf4 Bd7 37. h4 Rh8 38. Kg3
Bf5 39. Re5 b6 40. cxd4 cxd4 41. Rd5 Re8 0-1

[Event "Vellmar Int 4th op  A"]
[Site "Vellmar"]
[Date "2012.07.26"]
[Round "1.20"]
[White "Rolf, Marco"]
[Black "Khudovekov, Stanislav"]
[Result "0-1"]
[WhiteElo "1888"]
[BlackElo "2107"]
[PlyCount "68"]
[EventDate "2012.07.26"]
[EventType "swiss"]
[EventRounds "7"]
[EventCountry "GER"]

{DWZ: 1794 - -(RUS)} 1. d4 e6 2. c4 f5 3. Nc3 Nf6 4. Bg5 Be7 5. Bxf6 Bxf6 6. e4
fxe4 7. Nxe4 O-O 8. Nf3 b6 9. Bd3 c5 10. Qc2 cxd4 11. Nxf6+ Qxf6 12. Bxh7+ Kh8
13. O-O Nc6 14. Rad1 {(=)} e5 15. Rfe1 d6 16. Be4 Bd7 17. h4 Rac8 18. Ng5 Bf5
19. Bxf5 Qxf5 20. Qxf5 Rxf5 21. Ne4 Rd8 22. Rd2 Kg8 23. a3 Na5 24. Rc2 Nb3 25.
Ng5 Rc8 26. Ne4 Rc6 27. Ng3 Rf4 28. h5 b5 29. c5 Rxc5 30. Rxc5 Nxc5 31. Rc1 d3
32. f3 a5 33. b4 axb4 34. axb4 Rxb4 0-1

[Event "Vellmar Int 4th op  A"]
[Site "Vellmar"]
[Date "2012.07.26"]
[Round "1.21"]
[White "Galkin, Wladislaw"]
[Black "Weber, Andreas"]
[Result "1/2-1/2"]
[WhiteElo "2101"]
[BlackElo "1881"]
[PlyCount "107"]
[EventDate "2012.07.26"]
[EventType "swiss"]
[EventRounds "7"]
[EventCountry "GER"]

{DWZ: 2090(geb.1996) - 1714} 1. c4 e5 2. g3 d5 3. Bg2 Nf6 4. cxd5 c6 5. dxc6
Nxc6 6. Nc3 Bc5 7. Nf3 O-O 8. O-O Qe7 9. d3 Rd8 10. Bg5 Bf5 11. Nd2 Rac8 12.
Nde4 Bb6 13. Bh4 Qe6 14. Nxf6+ gxf6 15. Nd5 Bg6 16. Nxf6+ Kh8 17. Ne4 Rf8 18.
Bf6+ Kg8 19. Qd2 Bd8 20. Bxd8 Rfxd8 21. h4 Bxe4 22. Bxe4 Kh8 23. Qg5 Rg8 24.
Qf5 Qxf5 25. Bxf5 Rcd8 26. Be4 Nd4 27. e3 f5 28. Bxb7 Ne2+ 29. Kg2 Rb8 30. Rae1
Nxg3 31. fxg3 Rxb7 32. Rxf5 Rxb2+ 33. Rf2 Rb4 34. Rc1 Rxh4 35. Rc7 Rhg4 36. Rf3
h5 37. Kh3 h4 38. gxh4 Rg1 39. Rc2 Rh1+ 40. Rh2 Rhg1 41. a4 a5 42. e4 Kh7 43.
Rhf2 Rh1+ 44. Rh2 Rhg1 45. d4 exd4 46. e5 Re1 47. Rg3 Rd8 48. Rg5 d3 49. Rhg2
Rh1+ 50. Kg4 d2 51. Rh5+ Kg6 52. Rg5+ Kh6 53. Rh5+ Kg6 54. Rg5+ 1/2-1/2

[Event "Vellmar Int 4th op  A"]
[Site "Vellmar"]
[Date "2012.07.26"]
[Round "1.22"]
[White "Rueggeberg, Jan"]
[Black "Haselhorst, Helmut"]
[Result "0-1"]
[WhiteElo "1874"]
[BlackElo "2089"]
[PlyCount "112"]
[EventDate "2012.07.26"]
[EventType "swiss"]
[EventRounds "7"]
[EventCountry "GER"]

{DWZ: 1791 - 1985(geb.1948)} 1. c4 Nf6 2. Nf3 g6 3. g3 Bg7 4. Bg2 O-O 5. O-O d6
6. d4 Nc6 7. Nc3 a6 8. Bd2 Rb8 9. Rc1 Bg4 10. d5 {(=)} Bxf3 11. exf3 Ne5 12.
Qe2 c5 13. f4 Ned7 14. f5 Re8 15. Bh3 b5 16. b3 Nb6 17. fxg6 hxg6 18. f4 bxc4
19. bxc4 Nfd7 20. Ne4 Nf8 21. Ng5 e6 22. dxe6 fxe6 23. Nxe6 Bd4+ 24. Kh1 Qf6
25. f5 Nbd7 26. Rce1 Rb2 27. Qd3 Ne5 28. Rxe5 Qxe5 29. Re1 Qh8 30. Bg2 Nxe6 31.
Bd5 {(=)} Kg7 32. fxe6 Qh3 33. Qf3 Qf5 34. Qxf5 gxf5 35. Bf4 Rb6 36. Kg2 Kf6
37. Kf3 Be5 38. h4 Bxf4 39. Kxf4 Rb2 40. Rh1 Rf2+ 41. Ke3 Rxa2 42. h5 Ke5 43.
h6 Rb8 44. Rd1 Rh2 45. e7 Re8 46. Bb7 Rxe7 47. Bxa6 Rxh6 48. Rd5+ Kf6+ 49. Kf3
Kg5 50. Bb5 Re5 51. Rd1 Rhe6 52. Rd3 Re1 53. Bc6 Rh6 54. Kf2 Rc1 55. Bd5 Rh2+
56. Kf3 Rhc2 0-1

[Event "Vellmar Int 4th op  A"]
[Site "Vellmar"]
[Date "2012.07.26"]
[Round "1.23"]
[White "Von Kiedrowski, Klemens"]
[Black "Schaefer, Annabelle"]
[Result "1-0"]
[WhiteElo "2076"]
[BlackElo "1860"]
[PlyCount "45"]
[EventDate "2012.07.26"]
[EventType "swiss"]
[EventRounds "7"]
[EventCountry "GER"]

{DWZ: 1935 - 1850(geb.1997)} 1. c4 e6 2. g3 d5 3. Bg2 Nf6 4. Nf3 Be7 5. O-O O-O
6. b3 Nbd7 7. Bb2 c6 8. d3 Re8 9. Nbd2 Bd6 10. e4 dxe4 11. Nxe4 Bc7 12. Nxf6+
gxf6 13. Nh4 Ne5 14. d4 Ng6 15. Qh5 e5 16. Rad1 Qe7 17. Rfe1 a5 18. a3 c5 19.
dxc5 Qxc5 20. Bd5 Be6 21. Bxe6 Rxe6 22. Nf5 Bd6 23. Rxd6 1-0

[Event "Vellmar Int 4th op  A"]
[Site "Vellmar"]
[Date "2012.07.26"]
[Round "1.24"]
[White "Scholz, Robert"]
[Black "Feicht, Arno"]
[Result "1/2-1/2"]
[WhiteElo "1856"]
[BlackElo "2073"]
[PlyCount "81"]
[EventDate "2012.07.26"]
[EventType "swiss"]
[EventRounds "7"]
[EventCountry "GER"]

{DWZ: 1819(geb.1999) - 1932(geb.1949)} 1. e4 e6 2. d4 d5 3. Nc3 Bb4 4. e5 c5 5.
Bd2 Ne7 6. Nb5 Bxd2+ 7. Qxd2 O-O 8. f4 b6 9. Nf3 Ba6 10. c3 Nbc6 11. a4 Na5 12.
Qf2 Bxb5 13. axb5 c4 14. g4 Qd7 15. Bh3 Qxb5 16. f5 Qd7 17. O-O Nac6 18. Kh1 f6
19. exf6 gxf6 20. Rg1 Kh8 21. Qh4 exf5 22. gxf5 Rf7 23. Rae1 Rg8 24. Rxg8+ Nxg8
25. Qh5 Rg7 26. Nh4 Rg5 27. Ng6+ Kg7 28. Qxh7+ Kxh7 29. Nf8+ Kg7 30. Nxd7 Nce7
31. Ra1 Nc8 32. Re1 Nd6 33. Ra1 Ne4 34. Bg2 Nh6 35. Rxa7 Ng4 36. Ne5+ Kf8 37.
Ra8+ Ke7 38. Ra7+ Ke8 39. Ra8+ Ke7 40. Ra7+ Ke8 41. Ra8+ 1/2-1/2